[Event "Landesliga Sued U20 1819"]
[Site "Bayern"]
[Date "2018.11.17"]
[Round "1.3"]
[White "Metzger, Bernhard"]
[Black "Thorwarth, Paul"]
[Result "1-0"]
[WhiteElo "1198"]
[BlackElo "1586"]
[PlyCount "83"]
[EventDate "2018.11.17"]
[EventType "team-tourn"]
[EventRounds "7"]
[EventCountry "GER"]
[SourceTitle "EXT 2022"]
[Source "ChessBase"]
[SourceDate "2021.10.06"]
[SourceVersion "1"]
[SourceVersionDate "2021.10.06"]
[SourceQuality "1"]
[WhiteTeam "Kriegshaber SK U20"]
[BlackTeam "Augsburg SF U20 II"]
[WhiteTeamCountry "GER"]
[BlackTeamCountry "GER"]

1. e4 c5 2. d4 cxd4 3. Nf3 e5 4. Bc4 Nf6 5. Bg5 Nc6 6. a3 b5 7. Bd5 h6 8. Nxe5 hxg5 9. Nxc6 dxc6 10. Bxc6+ Bd7 11. Bxa8 Qxa8 12. Qxd4 Qxe4+ 13. Qxe4+ Nxe4 14. 0-0 Bd6 15. Re1 Bxh2+ 16. Kf1 f5 17. f3 Bg3 18. Re3 Rh1+ 19. Ke2 Re1+ 20. Kd3 Rxe3+ 21. Kxe3 Bf4+ 22. Kd3 Nc5+ 23. Kd4 Ne6+ 24. Kd5 Bc1 25. g3 Bxb2 26. Ra2 Nc7+ 27. Kd6 Bd4 28. Kxc7 Ke7 29. c3 Bb6+ 30. Kb7 Kd8 31. Rb2 f4 32. g4 Ke7 33. Rd2 Be3 34. Rd5 Be6 35. Rxg5 Kd6 36. Rg6 Kd5 37. Ka6 Ke5 38. Rxg7 Ba2 39. Rg5+ Kd6 40. Kxb5 Bxb1 41. c4 Bd3 42. Rd5+ 1-0